Alle Achsenmächte - Statistiken

Allgemein
  • Dieses Quiz wurde 133 mal gespielt
  • Das Durchschnittsergebnis liegt bei 6 aus 9
Antwortstatistiken
Hint Antwort % Korrekt
Achse Deutsches Reich
100%
Achse Italienisches Königreich
98%
Achse Japanisches Kaiserreich
98%
Verbündeter Königreich Rumänien
68%
Verbündeter Königreich Ungarn
66%
Verbündeter Königreich Bulgarien
61%
Verbündeter Finnland
55%
Verbündeter Kroatien
45%
Verbündeter Slowakischer Staat
38%
Keine übereinstimmenden Quizze gefunden
Verteilung der Resultate
Anzahl Personen mit jedem Resultat
Perzentil nach korrekt beantworteten Fragen
Ihre Resultats-Entwicklung
Sie haben dieses Quiz noch nicht gespielt